| 000 | 00606 a2200181 4500 | ||
|---|---|---|---|
| 020 | _a0123744466 | ||
| 020 | _a9780123744463 | ||
| 082 | _a531.382 | ||
| 090 |
_c1121 _d1121 |
||
| 100 | 1 | _aSadd, Martin H. | |
| 245 | 1 | 0 |
_aElasticity, second edition : _btheory, applications, and numerics / _cMartin H. Sadd. |
| 250 | _a2nd ed. | ||
| 260 |
_a[S.l.] : _bAcademic Press, _c2009. |
||
| 300 |
_a552 p. ; _c27 cm. |
||
| 700 | _aSadd, Martin H. | ||
| 942 |
_aSNS _cBK _k531.382 SAD |
||
| 999 |
_c29736 _d29736 |
||